000
00433nam a2200133Ia 4500
008
100328s9999 xx 000 0 und d
082
_b
60550
100
_a
जोगळेकर प्रमोद-अनु.
245
_a
संभव-असंभव.
260
_b
मेहता पब्लिशिंग हाऊस.
630
_a
संभव-असंभव.
730
_a
संभव-असंभव.
942
_c
BOOK
999
_c
546692
_d
546689